logo

Bir Sreshtho Munshi Abdur Rouf Library
Jhenaidah Cadet College

Programming with C++ : (Record no. 8262)

MARC details
000 -LEADER
fixed length control field 00701nam a2200253 a 4500
001 - CONTROL NUMBER
JCCL Control Number 8262
003 - CONTROL NUMBER IDENTIFIER
JCCL marc code BD-JhCC
005 - DATE AND TIME OF LATEST TRANSACTION
control field 20180220113641.0
008 - FIXED-LENGTH DATA ELEMENTS--GENERAL INFORMATION
fixed length control field 180220s1996 u a|||| || | 001 0 eng d
020 ## - INTERNATIONAL STANDARD BOOK NUMBER
International Standard Book Number 0071143289
035 ## - SYSTEM CONTROL NUMBER
system control number (BD-JhCC)8262
040 ## - CATALOGING SOURCE
Original cataloging agency BD-JhCC
Modifying agency BD-JhCC
041 ## - LANGUAGE CODE
Language code of Book eng
082 ## - DEWEY DECIMAL CLASSIFICATION NUMBER
Classification number 005.133
Author mark and Year HUB 1996
100 ## - MAIN ENTRY--PERSONAL NAME
Personal name Hubbard, John R.
245 ## - TITLE STATEMENT
Title Programming with C++ :
Remainder of title Schaum's outline of Theory and Problems of ?
Statement of responsibility, etc John R. Hubbard,
260 ## - PUBLICATION, DISTRIBUTION, ETC. (IMPRINT)
Place of publication, distribution, etc Toronto :
Name of publisher, distributor, etc McGraw-Hill,
Date of publication, distribution, etc 1996.
300 ## - PHYSICAL DESCRIPTION
Pagination 436 p. :
Other physical details ill. ;
Dimensions 28 cm.
490 ## - SERIES STATEMENT
Series statement Schaum's outline Series
504 ## - BIBLIOGRAPHY, ETC. NOTE
Bibliography, etc Includes Index
650 ## - SUBJECT ADDED ENTRY--TOPICAL TERM
Topical term or geographic name as entry element Computer Program Language
942 ## - ADDED ENTRY ELEMENTS (KOHA)
Source of classification or shelving scheme Dewey Decimal Classification
Koha item type Books
Holdings
Source of classification or shelving scheme Damaged status Not for loan Home library Current library Shelving location Date of accession Total Checkouts Full call number Barcode Date last seen Copy number Koha item type
Dewey Decimal Classification     JCC Rouf Library JCC Rouf Library General Stacks 02/20/2018   005.133 HUB 1996 8215 02/20/2018 C-1 Books

JCC Library | Contacts | JCC Home

Last Update on 23 September 2017
Copyright @ 2017-2020 JCC Rouf Library
Rouf Library, Jhenidah Cadet College (JCC), Bangladesh